| 000 | 00524nam a2200193Ia 4500 | ||
|---|---|---|---|
| 003 | GCL | ||
| 008 | 140319s9999 xx 000 0 eng d | ||
| 020 | _a1579581315 | ||
| 040 |
_aGCL / _cGCL |
||
| 082 | 0 | 4 |
_aREF _b912.003 _bN E |
| 100 | 1 | _aNESS, IMMANUEL | |
| 245 | 1 | 0 |
_aENCYCLOPEDIA OF WORLD CITIES / _cNESS, IMMANUEL |
| 260 |
_aنيويورك : _bFITZROY DEARBORN PUBLISHERS ، _c1999 |
||
| 300 |
_a32 CM ؛ _c739 P |
||
| 650 | 0 | 4 | _aCITIES AND TOWNS |
| 650 | 0 | 4 | _aENCYCLOPEDIA |
| 650 | 0 | 4 | _aCAPITALS |
| 942 |
_2ddc _cREF |
||
| 999 |
_c8792 _d8792 |
||